Every Country in the 1940s - Statistics

General Stats
  • This quiz has been taken 42 times
  • The average score is 63 of 95
Answer Stats
Answer % Correct
United States
97%
Canada
92%
United Kingdom
92%
Germany
89%
Soviet Union
89%
France
86%
Denmark
84%
Japan
84%
Brazil
81%
Finland
81%
India
81%
Luxembourg
81%
Mexico
81%
Argentina
78%
Bulgaria
78%
Chile
78%
China
78%
Colombia
78%
Czechoslovakia
78%
Ireland
78%
Norway
78%
South Africa
78%
Spain
78%
Sweden
78%
Yugoslavia
78%
Australia
76%
Belgium
76%
Egypt
76%
Greece
76%
Guatemala
76%
Honduras
76%
Iceland
76%
Poland
76%
Portugal
76%
Romania
76%
San Marino
76%
Turkey
76%
Uruguay
76%
Vatican City
76%
Albania
73%
Andorra
73%
El Salvador
73%
Hungary
73%
Iran
73%
Italy
73%
Liechtenstein
73%
Netherlands
73%
Thailand
73%
Venezuela
73%
Bolivia
70%
Costa Rica
70%
Ecuador
70%
Ethiopia
70%
New Zealand
70%
Nicaragua
70%
Paraguay
70%
Saudi Arabia
70%
Mongolia
68%
Pakistan
68%
Switzerland
68%
Syria
68%
Afghanistan
65%
Cuba
65%
Haiti
65%
Indonesia
65%
Iraq
65%
Panama
65%
Peru
65%
Bhutan
62%
Dominican Republic
62%
Estonia
62%
Monaco
62%
Nepal
62%
Lithuania
59%
Yemen
59%
Burma
57%
Latvia
57%
Philippines
57%
Israel
54%
Lebanon
54%
Korea
51%
Liberia
51%
Tibet
46%
West Germany
43%
East Germany
41%
North Korea
41%
South Korea
41%
Taiwan
41%
Ceylon
24%
Transjordan
22%
Sikkim
11%
Hyderabad
8%
Trieste
8%
Kalat
5%
Tripura
5%
No matching quizzes found
Score Distribution
Percent of People with Each Score
Percentile by Number Answered
Your Score History
You have not taken this quiz